00489nam a2200157 a 45000010005000000030005000050050017000100080041000270400020000681000024000882450077001122600020001899420008002099990015002179520099002322640CDMR20130116135233.0130130s1972||||||||||||||||||||||||||||d aCDMRbcatcCDMR1 aCrexell, Joan9197714aLos hechos del 6 de octubre de 1934 en Barcelona...cJuan Crexells Playa aBarcelonac1972 cTSN c2640d2640 001040708ESC_PaCDMRbCDMRd2013-01-16l0oTb 62pCDMR13097318r2013-01-16w2013-01-16yTSN